| 000 | 00565cam a22001697a 4500 | ||
|---|---|---|---|
| 008 | 180718b2013 xxu||||| |||| 00| 0 eng d | ||
| 020 | _a8184574363 | ||
| 082 | _aB73x54 R14 | ||
| 245 |
_aGram sabha institution in India : 20 years experiences and experiments as vital decision-making body at the grassroots _cedited by D. Sundar Ram |
||
| 260 |
_aNew Delhi _bKanishka _c2013 |
||
| 300 | _a282p. | ||
| 650 | _aPanchayat -- India | ||
| 650 | _aVillages -- India | ||
| 650 | _aLocal government -- India | ||
| 650 | _aGram sabha -- India | ||
| 700 | _aSundar Ram, D. | ||
| 999 |
_c443632 _d443632 |
||